000 00458nam a2200169Ia 4500
001 31412
003 IN-NITTTR
005 20251114233421.0
008 251113s9999||||xx |||||||||||||| ||eng||
040 _beng
040 _cIN-NITTTR
041 _aeng
082 _a371.33091724 A48
100 _aHaijun, Zeng
245 0 _aApproach of ICT in education for rural development :
_b good practices from developing countries /
_cHaijun, Zeng
942 _2ddc
_cBK
999 _c34042
_d34042